000 00301nam a2200097Ia 4500
008 220120s9999||||xx |||||||||||||| ||und||
100 _aDeepthi, S and Indushree, V.P
_912656
245 0 _aEfficient cloud computing
260 _aCoorg Institute of Technology
_bPonnampet
_c2017
650 _aCOMPUTER SCIENCE
999 _c138255
_d138255